• 首页
  • 本馆介绍
  • 公告通知
  • 最新文献
  • 馆藏检索
  • 电子资源
  • 读者导购
  • 参考咨询
  • 我的图书馆
  • 登录
  • 详细信息显示
  • 放入我的书架
  • 预约/预借图书
  • 作者相关作品
  • 分类相关作品
  • 丛书相关作品
  • 出版社相关作品

书目信息

  • 表格格式
  • 工作单格式
  • 卡片格式
题名:
智慧中国地理空间智能体系研究报告
    
 
作者: 徐德明 主编
分册:  
出版信息: 北京   社会科学文献出版社  2014.01
页数: 309页
开本: 25cm
丛书名: 皮书系列
单 册:
中图分类: P208.2
科图分类:
主题词: 地理信息系统--智能系统--研究报告--中国--2013 , 地理信息系统 , 智能系统
电子资源:
ISBN: 978-7-5097-5522-8
000 01280oam2 2200325 450
001 0120141228699
005 20140610104211.42
010    @a978-7-5097-5522-8@b精装@dCNY98.00
100    @a20140210d2014 em y0chiy0110 ea
101 0  @achi@eeng
102    @aCN@b110000
105    @aak z 000yy
106    @ar
200 1  @a智慧中国地理空间智能体系研究报告@9zhi hui zhong guo di li kong jian zhi neng ti xi yan jiu bao gao@e2013@dReport on smart China geospatial intelligence system@e2013@f徐德明主编@zeng
210    @a北京@c社会科学文献出版社@d2014.01
215    @a309页@c图@d25cm
225 2  @a皮书系列
300    @a测绘地理信息蓝皮书
330    @a本书以智慧中国为主题,除前言和主报告外,分综合篇、建设篇、科技篇和应用篇几个部分,从不同角度介绍了我国测绘地理信息行业最新的创新发展状况。
333    @a地理信息系统智能系统相关研究人员
461  0 @12001 @a皮书系列
510 1  @aReport on smart China geospatial intelligence system@e2013@zeng
516 1  @a2013测绘地理信息蓝皮书@92013 ce hui di li xin xi lan pi shu
606 0  @a地理信息系统@x智能系统@x研究报告@y中国@z2013
606 0  @a地理信息系统
606 0  @a智能系统
690    @aP208.2@v5
701  0 @a徐德明@9xu de ming@4主编
801  0 @aCN@b人天书店@c20140210
905    @b846120-22@dP208.2@e219@f3
    
    智慧中国地理空间智能体系研究报告:2013=Report on smart China geospatial intelligence system:2013/徐德明主编.-北京:社会科学文献出版社,2014.01
    309页:图;25cm.-(皮书系列)
    测绘地理信息蓝皮书.-使用对象:地理信息系统智能系统相关研究人员
    
    ISBN 978-7-5097-5522-8(精装):CNY98.00
    本书以智慧中国为主题,除前言和主报告外,分综合篇、建设篇、科技篇和应用篇几个部分,从不同角度介绍了我国测绘地理信息行业最新的创新发展状况。
●
相关链接 在E读中查询图书 在五车中查询图书 在当当中查询图书 在豆瓣中查询图书


正题名:智慧中国地理空间智能体系研究报告     索取号:P208.2/219         预约/预借

序号 登录号 条形码 馆藏地/架位号 状态 备注
1 846120   208461207   第二样本阅览室/ [索取号:P208.2/219] 在馆    
2 846121   208461216   资源管理系资料室/ [索取号:P208.2/219] 在馆    
3 846122   208461225   第三借阅区/ [索取号:P208.2/219] 在馆    
唐山师范学院图书馆 欢迎您!
大连网信软件有限公司© 版权所有